Ja už nie som ja /

Uložené v:
Podrobná bibliografia
Hlavný autor: Ďuranová, Mária, 1967-
Médium: Kniha
Jazyk:Slovak
Vydané: [Tovarné] : Pulp, 2012.
Vydanie:1. vyd.
Témy:
ISBN: 9788097119201 (viaz.)
Fyzický popis: 194 s. ; 21 cm.
Tagy: Pridať tag
Žiadne tagy, Buďte prvý kto otaguje tento záznam!

MARC

LEADER 00000nam a2200000 a 4500
001 000412113
005 20130503083752.0
008 121122s2012 xo e 000 f slo d
020 |a 9788097119201 (viaz.) 
040 |a SVKKK  |b slo  |c SVKKK  |e AACR2 
041 0 |a slo 
044 |a xo  |c SK 
072 7 |a 821.162.4-3  |x Slovenská próza  |2 konspekt 
080 |a 821.162.4-31  |2 2001 
080 |a (0:82-31)  |2 2001 
100 1 |a Ďuranová, Mária,  |d 1967- 
245 1 0 |a Ja už nie som ja /  |c Mária Ďuranová. 
250 |a 1. vyd. 
260 |a [Tovarné] :  |b Pulp,  |c 2012. 
300 |a 194 s. ;  |c 21 cm. 
655 7 |a slovenské romány  |2 SVKKKPH 
910 |a svkkk 
919 |a 978-80-971192-0-1 
998 |a BK 
090 |g SCKHL  |k Sklad Hlavná 10 prízemie  |a III.224976  |j 1042149  |i 2720265296  |s Povinný výt.